| 000 | 00000nam##2200000za#4500 |
| 001 | 9.580347 |
| 003 | CaOODSP |
| 005 | 20210624191008 |
| 007 | cr ||||||||||| |
| 008 | 150406|1980||||xxc|||||o f|0| 0 eng|d |
| 040 | |aCaOODSP|beng |
| 043 | |an-cn--- |
| 086 | 1 |aFs97-13/227E-PDF |
| 110 | 1 |aCanada. |bDepartment of Fisheries and Oceans. |
| 245 | 10|aG.B. Reed Shrimp Cruise 80-S-1, May 7-21, 1980, west coast of Vancouver Island and Queen Charlotte Sound / |h[electronic resource]|cby J.A. Boutillier, K. Pasmans, and S.F. Head. |
| 260 | |aNanaimo - British Columbia : |bFisheries and Oceans Canada |c1980. |
| 300 | |a66p.|bfigs., tables |
| 490 | 1 |aCanadian data report of fisheries and aquatic sciences|vNo. 227 |
| 500 | |aFile reproduced from original print. On t. p.: Pacific Biological Station, Nanaimo, British Columbia. The catalogue number and ISSN for the print edition appear in the PDF version. |
| 546 | |a(Résumé en français) |
| 590 | |a14-15-Supp|b2014-09-04 |
| 720 | 1 |aBoutillier, J. |
| 720 | 1 |aPasmans, K. |
| 720 | 1 |aHead, S. F. |
| 830 | #0|aCanadian data report of fisheries and aquatic sciences ;|vNo. 227|w(CaOODSP)9.505124 |
| 856 | 40|ahttp://publications.gc.ca|qPDF|s1215 KB|uhttps://publications.gc.ca/collections/collection_2014/mpo-dfo/Fs97-13-227-eng.pdf|yNo. 227 |